The lessons of history / (Record no. 186173)

000 -LEADER
fixed length control field 00873 a2200193 4500
003 - CONTROL NUMBER IDENTIFIER
control field NUST
005 - DATE AND TIME OF LATEST TRANSACTION
control field 20230126184342.0
010 ## - LIBRARY OF CONGRESS CONTROL NUMBER
LC control number 68019949
040 ## - CATALOGING SOURCE
Transcribing agency Nust
082 ## - DEWEY DECIMAL CLASSIFICATION NUMBER
Classification number 900,WIL
100 ## - MAIN ENTRY--PERSONAL NAME
Personal name Will, Durant
9 (RLIN) 25390
245 ## - TITLE STATEMENT
Title The lessons of history /
Statement of responsibility, etc. Will and Ariel Durant
260 ## - PUBLICATION, DISTRIBUTION, ETC.
Place of publication, distribution, etc. Simon and Schuster
Name of publisher, distributor, etc. New York
Date of publication, distribution, etc. 1968
300 ## - PHYSICAL DESCRIPTION
Extent 82 p.;
Other physical details 26 cm
505 ## - FORMATTED CONTENTS NOTE
Formatted contents note Hesitations (Page-11), History and the Earth (Page-14), Biology and History (Page-18), Race and History (Page-25), Character and History (Page-32), Morals and History (Page-37), Religion and History (Page-43), Economics and History (Page-52), Socialism and History (Page-58), Government and History (Page-68), History and War (Page-81), Growth and Decay (Page-87), Is Progress Real (Page-95).
600 ## - SUBJECT ADDED ENTRY--PERSONAL NAME
Personal name Durant, Will,
650 ## - SUBJECT ADDED ENTRY--TOPICAL TERM
Topical term or geographic name entry element The lessons of history
9 (RLIN) 11322
942 ## - ADDED ENTRY ELEMENTS (KOHA)
Source of classification or shelving scheme
Koha item type Book
Call number prefix 900,WIL
Holdings
Withdrawn status Lost status Source of classification or shelving scheme Damaged status Not for loan Permanent Location Current Location Shelving location Date acquired Total Checkouts Full call number Barcode Date last seen Date last checked out Price effective from Koha item type Public note
          Military College of Signals (MCS) Military College of Signals (MCS) General Stacks 12/12/2016 1 900,WIL MCS32899 09/14/2023 08/30/2023 12/12/2016 Book Almirah No.58, Shelf No.3
          Military College of Signals (MCS) Military College of Signals (MCS) General Stacks 01/26/2023   900,WIL MCS32898 01/26/2023   01/26/2023 Book Almirah No.58, Shelf No.3
© 2023 Central Library, National University of Sciences and Technology. All Rights Reserved.